It looks like you're offline.
Open Library logo
additional options menu

MARC record from Internet Archive

LEADER: 01541cam 2200349Ia 4500
001 ocm34489822
003 OCoLC
005 20210908012053.0
008 960329s1995 ilu f 000 0 eng d
040 $aGZE$beng$cGZE$dOCL$dOCLCQ$dOCLCF$dOCLCQ$dOCLCO$dOCL
019 $a1011942238
020 $a0673458237
020 $a9780673458230
035 $a(OCoLC)34489822$z(OCoLC)1011942238
050 4 $aQA11$b.S372 1995 vol. 4
245 00 $aStudy skills handbook :$bkeys to success in learning mathematics /$cthe University of Chicago School Mathematics Project.
246 3 $aUniversity of Chicago School Mathematics Project study skills handbook
260 $aGlenview, Ill. :$bScottForesman,$c©1995.
300 $a29, [33] pages ;$c28 cm
336 $atext$btxt$2rdacontent
337 $aunmediated$bn$2rdamedia
338 $avolume$bnc$2rdacarrier
500 $a"Cross-series component for use with: Transition mathematics, Algebra, Geometry, Advanced algebra, Functions, statistics, and trigonometry, Precalulus, and Discrete mathematics."
650 0 $aMathematics$xStudy and teaching (Secondary)
650 0 $aStudy skills$vHandbooks, manuals, etc.
650 7 $aMathematics$xStudy and teaching (Secondary)$2fast$0(OCoLC)fst01012305
650 7 $aStudy skills.$2fast$0(OCoLC)fst01136216
655 7 $aHandbooks and manuals.$2fast$0(OCoLC)fst01423877
710 2 $aUniversity of Chicago.$bSchool Mathematics Project.
710 2 $aScott, Foresman and Company.
994 $aZ0$bP4A
948 $hNO HOLDINGS IN P4A - 8 OTHER HOLDINGS